On This Day: May 18th II Quiz Stats

 Plays Quiz Updated May 18, 2018

Score 0/7 Timer 03:00
0 Plays Today
Question Answer Wrong Answers
This American actress and writer, known for her work on ‘SNL’ and for creating the comedy series ‘30 Rock,' is born.
1970
Tina Fey
91.5%
Amy Poehler
4.1%
Maya Rudolph
1.7%
Kristen Wiig
2.1%
Northern Somalia declares independence from the rest of Somalia, forming the Republic of ______, but it is not recognized internationally.
1991
Somaliland
84.4%
Somaliville
2.3%
Somalistan
7.1%
Somalica
4.9%
This US President signs an act creating the Tennessee Valley Authority, an economic development agency tasked with modernizing the region's economy and society.
1933
Franklin D. Roosevelt
74.1%
Harry S. Truman
7%
Herbert Hoover
15.1%
Warren G. Harding
3.4%
Under project Smiling Buddha, this nation successfully detonates its first nuclear weapon, becoming the 6th country to do so.
1974
India
73.2%
North Korea
20.8%
France
2%
Israel
3%
The Liberation Tigers of Tamil Eelam officially surrender to the government of ______, ending a 26-year civil war.
2009
Sri Lanka
65.7%
Bhutan
13.4%
Singapore
4.6%
Thailand
14.7%
The costly Battle of Monte Cassino ends with a victory for the Allies, paving the way for the capture of this capital city.
1944
Rome
63%
Paris
19.1%
Berlin
14.1%
Athens
3.3%
The United States Supreme Court rules in ______ that the 'separate but equal' doctrine is constitutional.
1896
Plessy v. Ferguson
40%
Brown v. Board of Education
35.7%
Dred Scott v. Sandford
19.1%
Gideon v. Wainwright
5%

You're not logged in!

Compare scores with friends on all Sporcle quizzes.
OR
Log In

Sporcle TV

Today on Sporcle TV


Watch our educational content, quiz creation guides, and fun videos on Sporcle TV.

Show Comments

Extras

Top Quizzes Today


Score Distribution

Your Account Isn't Verified!

In order to create a playlist on Sporcle, you need to verify the email address you used during registration. Go to your Sporcle Settings to finish the process.

Report this User

Report this user for behavior that violates our Community Guidelines.

Details: